| 000 | 00769cam a22002295a 4500 | ||
|---|---|---|---|
| 001 | 11762081 | ||
| 005 | 20201128024318.0 | ||
| 008 | 990730t2000 njua frb 001 0 eng d | ||
| 020 | _a013010857X | ||
| 020 | _a9780130108579 | ||
| 040 |
_aDLC _cDLC _dDLC _dEG-ScBUE _beng |
||
| 082 | 0 | 4 |
_222 _a658.4038 _bGUP |
| 100 | 1 | _aGupta, Uma G. | |
| 245 | 1 | 0 |
_aInformation systems : _bsuccess in the 21st century / _cUma G. Gupta. |
| 260 |
_aUpper Saddle River : _bPrentice Hall, _cc.2000. |
||
| 300 |
_axxviii, 428 p. : _bill. ; _c28 cm. |
||
| 504 | _aIncludes bibliographical references and index. | ||
| 650 | 7 |
_aManagement information systems. _2BUEsh _91296 |
|
| 650 | 7 |
_aInformation technology _xManagement. _2BUEsh _912426 |
|
| 653 |
_bGGEN _bENGGEN _cApril2018 |
||
| 942 | _2ddc | ||
| 999 |
_c26469 _d26441 |
||